000 00267nam a2200097Ia 4500
001 728722
005 20250826163513.0
008 250824s9999 xx 000 0 und d
245 0 _aGEÇMİŞİN GÖLGESİ GELECEĞİN LANETİ
_cM. İHSAN TATARİ
260 _bBU YAYIN EVİ
999 _c728722
_d728722